Kepelbagaian biologi biakbaka tumbuhan dan bioteknologi : implikasi kepada dunia selatan

Bibliographic Details
Main Author: ZAKRI A. Hamid 1948-
Format: Book
Published: Bangi, Selangor : Penerbit UK , 1993
Subjects:

MARC

LEADER 00000cam a2200000 7i4500
001 0000000787
005 20010622.0
020 0 0 |a 9679422801 
090 0 0 |a 333.9516091724   |b ZAK 1993 
100 0 0 |a ZAKRI A. Hamid   |c 1948- 
245 1 0 |a Kepelbagaian biologi biakbaka tumbuhan dan bioteknologi :   |b implikasi kepada dunia selatan   |c Zakri A. Hamid 
260 0 0 |a Bangi, Selangor :   |b Penerbit UK ,   |c 1993 
300 |a 80 p.bill. ;   |c 23 cm. 
500 0 0 |a Bibliography: [p. [70]-75] 
650 0 0 |a Biological diversity conservation   |z Developing countries 
650 0 0 |a Biological diversity   |z Developing countries 
650 0 0 |a Biotechnology industries   |z Developing countries 
650 0 0 |a Biotechnology   |z Developing countries 
650 0 0 |a Plant breeding   |z Developing countries 
998 |a JPSM 
999 |a 0000000385   |b Monograph   |c Open Shelf   |e Default branch 
999 |a 0000002486   |b Monograph   |c Open Shelf   |e Default branch